[Event "17th Aeroflot Open-A 2019"]
[Site "Moscow"]
[Date "2019.02.22"]
[Round "3.20"]
[White "Nabaty, Tamir"]
[Black "Praggnanandhaa R"]
[Result "1-0"]
[WhiteElo "2688"]
[BlackElo "2532"]
[Annotator "TA"]
[PlyCount "99"]
[EventDate "2019.02.19"]
[EventCountry "RUS"]
[SourceTitle "playchess.com"]
[Source "ChessBase"]
[SourceQuality "1"]

{[%evp 13,99,7,7,0,0,0,0,0,7,-24,16,-22,-24,-16,0,-7,24,27,27,26,93,95,89,82,90,90,104,96,116,99,103,97,96,93,88,97,93,92,101,98,111,114,110,102,105,99,112,27,35,29,66,69,62,64,70,17,17,17,69,60,161,150,152,155,150,147,177,177,277,262,493,493,477,410,5152,5165,5165,5165,5165,5151,5122,5122,5118,5077,5077,4133,892,884]} 1. Nf3 Nf6 2. c4 e6 3. b3 d5 4. Bb2 c5 5. cxd5 exd5 6. e3 Nc6 7. Bb5 Bd6 8. d4 {A13: English Opening: 1...e6} (8. O-O O-O 9. h3 a6 10. Bxc6 bxc6 11. d3 Bf5 12. Re1 Re8 13. Nc3 Bg6 14. Na4 Nd7 15. Rc1 Qe7 16. d4 {½-½ (65) Kovalenko,I (2657)-Cheparinov,I (2709) St Petersburg 2018}) 8... cxd4 9. Nxd4 O-O 10. O-O {The position is equal.} Bc7 11. Nd2 Qd6 {[%csl Gc7][%cal Rd6h2]} 12. g3 (12. N2f3 {seems wilder.} Bg4 13. Bxc6 bxc6 14. Qc2 Bxf3 15. Nxf3 Rac8 16. Rfd1) 12... Bh3 13. Re1 Bb6 14. Ne2 $146 ({Predecessor:} 14. Nxc6 bxc6 15. Bd3 h6 16. Qc2 {½-½ (67) Gorti,A (2252)-Zatonskih,A (2444) Saint Louis 2018}) 14... d4 15. Nxd4 Nxd4 16. exd4 Rad8 (16... Qd5 $11 {remains equal.} 17. Bf1 Bxd4) 17. Ne4 $16 Nxe4 18. Rxe4 Bf5 19. Rf4 Bd7 20. Bc4 Bc7 21. Qf3 {[%cal Rf4f7]} Qg6 22. Rh4 b5 23. Bd3 f5 24. d5 Bd6 25. a4 bxa4 26. bxa4 Rb8 27. Bc3 Rfc8 28. Bb5 $1 {[%cal Rb5d7]} Bxb5 29. axb5 Rxb5 {And now ...Rb3 would win.} 30. Ra6 ({White should try} 30. Qd3 $1 $16 {[%cal Rd3b5]} Rbc5 31. Bb4 Rc1+ 32. Rxc1 Rxc1+ 33. Kg2 Bxb4 34. Rxb4) 30... Rb6 $11 31. Raa4 Rb3 32. Rhc4 $1 {[%cal Rc4c8]} Rxc4 33. Rxc4 {aiming for Rc8+.} h6 34. Rc6 (34. Qd3 $14) 34... f4 $1 35. Kg2 a5 (35... Kh7 $11) 36. Qd1 $1 $14 {[%cal Rd1b3]} Rb5 (36... Rb7 $14) 37. Qd4 $1 $18 {Threatens to win with Rxd6!} f3+ 38. Kxf3 Qf7+ {[#]} 39. Ke4 $1 ({Don't play} 39. Kg2 $6 Qxd5+ 40. Qxd5+ Rxd5 $14) 39... Bb4 40. Qc4 $36 {[%mdl 2048] White is really pushing.} Rb8 {[#]} (40... Rb7 $142) 41. Be5 $1 {[%cal Re5b8]} Rf8 $2 (41... Re8) 42. d6 Qxc4+ 43. Rxc4 Rxf2 {[#]} (43... Bxd6 $142 44. Bxd6 Rxf2) 44. Rxb4 $1 {[%mdl 512] White is clearly winning.} axb4 {[%mdl 4096] Endgame KR-KB} 45. d7 Rf8 46. Bc7 b3 47. Kd3 Kf7 48. d8=Q Rxd8+ 49. Bxd8 Kg6 50. g4 {Accuracy: White = 73%, Black = 43%.} 1-0

[Event "17th Aeroflot Open-A 2019"]
[Site "Moscow"]
[Date "2019.02.22"]
[Round "3.21"]
[White "Safarli, Eltaj"]
[Black "Santos Ruiz, Miguel"]
[Result "1/2-1/2"]
[WhiteElo "2681"]
[BlackElo "2554"]
[Annotator "TA"]
[PlyCount "58"]
[EventDate "2019.02.19"]
[EventCountry "RUS"]
[SourceTitle "playchess.com"]
[Source "ChessBase"]
[SourceQuality "1"]

{[%evp 17,58,7,20,-3,35,9,12,6,23,0,0,0,0,0,0,0,0,0,0,0,0,0,0,-13,-8,-14,0,0,0,0,1,0,0,-4,-5,-5,-8,-35,-25,-43,0,0,0]} 1. e4 e5 2. Nf3 Nc6 3. Bb5 a6 4. Ba4 Nf6 5. Qe2 Be7 6. O-O b5 7. Bb3 O-O 8. c3 d5 9. d3 d4 10. Bg5 {C86: Closed Ruy Lopez: Worrall Attack} (10. Rd1 Bg4 11. h3 Bxf3 12. Qxf3 Rb8 13. Nd2 g6 14. Qe2 dxc3 15. bxc3 b4 16. Ba4 Na7 17. d4 exd4 {1-0 (32) Tiviakov,S (2648)-Short,N (2683) Montreal 2007}) 10... Bb7 11. Rc1 (11. a4 {looks sharper.} dxc3 12. bxc3 h6 13. Bh4 Nh5 14. axb5 axb5 15. Rxa8 Bxa8 16. Bxe7 Qxe7 17. d4) 11... dxc3 12. Nxc3 $146 ({Predecessor:} 12. bxc3 Nd7 13. Bxe7 Qxe7 14. Bd5 Na5 15. Bxb7 Nxb7 16. Nbd2 Rfd8 17. a4 Ndc5 18. d4 Nxa4 19. Nxe5 {1-0 (49) Sax,G (2515)-Petran,P (2440) Hungary 1993}) 12... Nd4 13. Nxd4 exd4 14. Bxf6 Bxf6 15. Nd5 Bg5 16. f4 c6 {[#] Hoping for ...Bh6.} 17. fxg5 {Nf4 is the strong threat.} cxd5 18. e5 Qxg5 19. Rc7 Rab8 20. Rf1 Qd8 21. Rfc1 Qg5 22. e6 fxe6 23. Qxe6+ Kh8 $132 {[%mdl 2048] Black is not keeping still} 24. Qe7 Qe3+ 25. Kh1 {[%csl Gc7][%cal Re7g7] [#]} Qxe7 26. Rxe7 Bc8 27. h3 Bf5 28. Rc5 Bxd3 {Strongly threatening ...Bc4.} 29. Rxd5 Bc4 {Accuracy: White = 34%, Black = 68%.} 1/2-1/2

[Event "17th Aeroflot Open-A 2019"]
[Site "Moscow"]
[Date "2019.02.22"]
[Round "3.22"]
[White "Maghsoodloo, Parham"]
[Black "Ghaem Maghami, Ehsan"]
[Result "1/2-1/2"]
[WhiteElo "2666"]
[BlackElo "2540"]
[Annotator "ChessBase"]
[PlyCount "47"]
[EventDate "2019.02.19"]
[EventCountry "RUS"]
[SourceTitle "playchess.com"]
[Source "ChessBase"]
[SourceQuality "1"]
[TimeControl "40/5400+30:1800+30"]

1. Nf3 {[%emt 0:04:20]} d5 {[%emt 0:02:47]} 2. g3 {[%emt 0:00:42]} g6 {[%emt 0:00:16]} 3. Bg2 {[%emt 0:00:34]} Bg7 {[%emt 0:00:15]} 4. O-O {[%emt 0:00:27]} e5 {[%emt 0:03:59]} 5. d3 {[%emt 0:00:07]} Nc6 {[%emt 0:01:17]} 6. c3 {[%emt 0:01:08]} Nge7 {[%emt 0:01:31]} 7. Qc2 {[%emt 0:00:28]} O-O {[%emt 0:05:15]} 8. e4 {[%emt 0:00:13]} a5 {[%emt 0:00:44]} 9. a4 {[%emt 0:00:05]} h6 {[%emt 0:00:09]} 10. Na3 {[%emt 0:00:05]} Be6 {[%emt 0:00:16]} 11. Nb5 {[%emt 0:02:13]} Qd7 {[%emt 0:04:34]} 12. exd5 {[%emt 0:16:12]} Nxd5 {[%emt 0:04:13]} 13. b3 {[%emt 0:06:12]} Rfd8 {[%emt 0:12:36]} 14. Bb2 {[%emt 0:21:57]} Bh3 {[%emt 0:05:35]} 15. Bxh3 {[%emt 0:05:03]} Qxh3 {[%emt 0:00:09]} 16. Qe2 {[%emt 0:00:53]} Rd7 {[%emt 0:05:20]} 17. Rfe1 {[%emt 0:03:04]} Rad8 {[%emt 0:01:57]} 18. Rad1 {[%emt 0:01:44]} g5 {[%emt 0:06:30]} 19. Nd2 {[%emt 0:03:50]} b6 {[%emt 0:13:08]} 20. Nc4 {[%emt 0:03:14]} Qf5 {[%emt 0:09:56]} 21. Qe4 {[%emt 0:02:20]} Nde7 {[%emt 0:01:11]} 22. Qxf5 {[%emt 0:00:15]} Nxf5 {[%emt 0:00:08]} 23. Kf1 {[%emt 0:00:53]} f6 {[%emt 0:03:30]} 24. Ke2 {[%emt 0:01:25]} 1/2-1/2

[Event "17th Aeroflot Open-A 2019"]
[Site "Moscow"]
[Date "2019.02.22"]
[Round "3.23"]
[White "Tsydypov, Zhamsaran"]
[Black "Anton Guijarro, David"]
[Result "1/2-1/2"]
[WhiteElo "2547"]
[BlackElo "2642"]
[Annotator "ChessBase"]
[PlyCount "75"]
[EventDate "2019.02.19"]
[EventCountry "RUS"]
[SourceTitle "playchess.com"]
[Source "ChessBase"]
[SourceQuality "1"]
[TimeControl "40/5400+30:1800+30"]

1. e4 {[%emt 0:02:42]} e5 {[%emt 0:00:00]} 2. Nf3 {[%emt 0:01:10]} Nc6 {[%emt 0:00:17]} 3. d4 {[%emt 0:00:40]} exd4 {[%emt 0:00:18]} 4. Nxd4 {[%emt 0:00:08]} Nf6 {[%emt 0:00:26]} 5. Nxc6 {[%emt 0:01:20]} bxc6 {[%emt 0:00:12]} 6. e5 {[%emt 0:00:18]} Qe7 {[%emt 0:00:50]} 7. Qe2 {[%emt 0:00:38]} Nd5 {[%emt 0:00:12]} 8. c4 {[%emt 0:04:01]} Ba6 {[%emt 0:01:33]} 9. Nd2 {[%emt 0:00:13]} g6 {[%emt 0:00:41]} 10. Nf3 {[%emt 0:00:22]} Qb4+ {[%emt 0:01:20]} 11. Kd1 {[%emt 0:00:05]} Ne7 {[%emt 0:01:08]} 12. Bg5 {[%emt 0:01:13]} Bg7 {[%emt 0:00:51]} 13. Qd2 {[%emt 0:07:47]} Qxd2+ {[%emt 0:00:11]} 14. Bxd2 {[%emt 0:03:58]} c5 {[%emt 0:09:12]} 15. Bd3 {[%emt 0:01:57]} Bb7 {[%emt 0:03:26]} 16. Re1 {[%emt 0:02:13]} O-O {[%emt 0:06:32]} 17. Be3 {[%emt 0:06:44]} d6 {[%emt 0:05:06]} 18. exd6 {[%emt 0:09:55]} cxd6 {[%emt 0:00:43]} 19. Bxc5 {[%emt 0:00:39]} dxc5 {[%emt 0:00:51]} 20. Rxe7 {[%emt 0:00:04]} Bxf3+ {[%emt 0:03:32]} 21. gxf3 {[%emt 0:00:06]} Rfe8 {[%emt 0:13:25]} 22. Rxe8+ {[%emt 0:10:32]} Rxe8 {[%emt 0:00:05]} 23. Be4 {[%emt 0:02:50]} Bd4 {[%emt 0:03:18]} 24. Rb1 {[%emt 0:05:47]} Rb8 {[%emt 0:14:10]} 25. Ke2 {[%emt 0:02:50]} Rxb2+ {[%emt 0:02:32]} 26. Rxb2 {[%emt 0:00:09]} Bxb2 {[%emt 0:00:05]} 27. Kd3 {[%emt 0:06:58]} Be5 {[%emt 0:04:31]} 28. h3 {[%emt 0:01:04]} Kf8 {[%emt 0:05:26]} 29. Kc2 {[%emt 0:01:14]} Ke7 {[%emt 0:00:28]} 30. Kb3 {[%emt 0:00:11]} Kd6 {[%emt 0:01:58]} 31. Ka4 {[%emt 0:05:03]} Bc3 {[%emt 0:00:34]} 32. Kb5 {[%emt 0:00:23]} a5 {[%emt 0:00:31]} 33. Bd5 {[%emt 0:01:37]} f6 {[%emt 0:00:59]} 34. f4 {[%emt 0:01:50]} h6 {[%emt 0:01:53]} 35. h4 {[%emt 0:05:41]} g5 {[%emt 0:01:30]} 36. fxg5 {[%emt 0:00:20]} fxg5 {[%emt 0:00:06]} 37. hxg5 {[%emt 0:00:06]} hxg5 {[%emt 0:00:05]} 38. f3 {[%emt 0:00:04]} 1/2-1/2

[Event "17th Aeroflot Open-A 2019"]
[Site "Moscow"]
[Date "2019.02.22"]
[Round "3.24"]
[White "Zvjaginsev, Vadim"]
[Black "Lobanov, Sergei"]
[Result "1-0"]
[WhiteElo "2642"]
[BlackElo "2526"]
[Annotator "TA"]
[PlyCount "65"]
[EventDate "2019.02.19"]
[EventCountry "RUS"]
[SourceTitle "playchess.com"]
[Source "ChessBase"]
[SourceQuality "1"]

{[%evp 12,65,25,6,14,12,15,0,20,11,21,14,23,23,26,29,26,26,30,8,40,33,48,47,51,34,46,41,50,36,90,73,71,44,90,94,118,107,175,168,145,137,122,117,240,212,858,844,1053,997,1726,1725,1725,1725,29992,29993]} 1. Nf3 d5 2. g3 Nf6 3. Bg2 c6 4. O-O Bg4 5. d3 Nbd7 6. h3 Bh5 7. Bf4 {LiveBook: 3 Games. A07: Réti Opening: New York and Capablanca Systems} (7. Qe1 e5 8. e4 Bd6 9. Nh4 O-O 10. Nf5 Bc7 11. Nc3 Nb6 12. a4 a5 13. f4 dxe4 14. dxe4 exf4 15. gxf4 {½-½ (23) Nakamura,H (2780)-Jakovenko,D (2721) Palma de Mallorca 2017}) 7... Bxf3 8. exf3 e6 9. Be3 {The position is equal.} Bd6 10. f4 O-O 11. Nd2 c5 12. Nf3 $146 ({Predecessor:} 12. c3 b5 13. a4 a6 14. g4 Nb6 15. axb5 axb5 16. Rxa8 Qxa8 {0-1 (57) Gazen,L (1161)-Groves,P (1000) IECG email 2002}) 12... b5 13. c4 Rb8 14. b3 Qc7 15. Rc1 Rfc8 16. Re1 Bf8 17. Bd2 {[%cal Be3d2,Bd2c3,Bc3e5][%mdl 32]} g6 18. h4 a6 19. Ng5 Re8 20. h5 Qd6 (20... gxh5 $14 21. Nf3 Ng4) 21. hxg6 $16 hxg6 22. Bc3 Rbc8 23. Be5 Qb6 {[#]} 24. cxd5 $1 Nxd5 (24... exd5 $16 {was necessary.} 25. Bh3 Rcd8) 25. Bxd5 $18 exd5 26. Qg4 Nxe5 27. Rxe5 Rxe5 (27... Qb7 $16) 28. fxe5 $40 {[%cal Bf4e5,Be5e6][%mdl 160] aiming for Qh3. White attacks with force.} Qb7 $2 (28... Rc7 29. Qh4 f6) 29. Qh3 {[%csl Gg5][%cal Rh3h7]} Bg7 30. e6 f6 {[#]} 31. e7 $1 {[%csl Gg5][%cal Rh3h7][%mdl 512]} fxg5 (31... Qxe7 32. Qxc8+) 32. Qe6+ Kh7 33. Kg2 {Precision: White = 66%, Black = 30%.} 1-0

[Event "17th Aeroflot Open-A 2019"]
[Site "Moscow"]
[Date "2019.02.22"]
[Round "3.25"]
[White "Aryan Chopra"]
[Black "Iturrizaga Bonelli, Eduardo"]
[Result "1/2-1/2"]
[WhiteElo "2540"]
[BlackElo "2640"]
[Annotator "TA"]
[PlyCount "93"]
[EventDate "2019.02.19"]
[EventCountry "RUS"]
[SourceTitle "playchess.com"]
[Source "ChessBase"]
[SourceQuality "1"]

{[%evp 15,93,26,35,14,14,2,25,17,28,0,21,28,22,10,16,16,33,28,43,42,47,15,45,33,37,35,33,41,52,0,0,0,33,0,0,14,12,14,12,-16,-7,-79,-13,-20,-20,-20,-21,-21,-23,-43,-18,-54,-12,-18,0,-9,-7,-7,-7,-7,0,0,12,0,0,-5,-5,-2,15,20,53,51,51,29,52,22,9,0,51,0]} 1. e4 c5 2. Nf3 Nc6 3. d4 cxd4 4. Nxd4 Nf6 5. Nc3 d6 6. f3 a6 7. Be3 e5 8. Nb3 Be6 9. Be2 {B90: Sicilian Najdorf: Unusual White 6th moves, 6 Be3 Ng4 and 6 Be3 e5} (9. Qd2 Rc8 10. O-O-O Nb4 11. Kb1 d5 12. a3 d4 13. axb4 Bxb4 14. Nxd4 exd4 15. Qxd4 Qa5 16. Nd5 Bxd5 17. exd5 {½-½ (60) Inarkiev,E (2693)-Nepomniachtchi,I (2763) Moscow 2018}) 9... Ne7 10. Bf2 $146 ({Predecessor:} 10. Nd2 d5 11. O-O d4 12. Nb3 dxe3 13. Bd3 Nc6 14. a3 Qb6 15. Ne2 Rd8 16. Re1 Nh5 17. g3 f5 18. exf5 Bxb3 19. cxb3 e4 20. fxe4 Ne5 21. Nc1 e2+ {0-1 (21) Bearce,H (1687)-Rager,M ICCF email 2015}) 10... Ng6 11. g3 {White has an edge.} Rc8 12. h4 h5 13. Qd2 Be7 14. O-O-O Qc7 15. Kb1 O-O 16. Rc1 Qd7 17. Rhd1 Rfe8 18. Ka1 Bf8 19. Be3 b5 20. a3 Qb7 21. Bg5 Nh7 22. Be3 ({Better is} 22. Na5 $14 Qc7 23. Nd5 Bxd5 24. exd5) 22... Nf6 $11 23. Bg5 Nh7 24. f4 (24. Na5 {with more complications.} Qd7 25. Kb1 Nxg5 26. hxg5 h4 27. gxh4 Nf4 28. Bf1) 24... exf4 25. gxf4 Nxg5 26. hxg5 {[#]} Rxc3 $1 {[%mdl 576] Remove Defender} 27. bxc3 {Hoping for f5.} Qxe4 28. Bd3 (28. Rf1 $11 {remains equal.}) 28... Qa4 (28... Qxf4 $17 {Strongly threatening ...Qa4.} 29. Bxg6 Qxd2 30. Bxf7+ Bxf7 31. Rxd2 Re5) 29. f5 $1 {[%cal Rf5g6]} Qxa3+ 30. Kb1 Bxb3 31. cxb3 Qxb3+ 32. Qb2 Qxb2+ 33. Kxb2 Ne5 34. Ra1 h4 35. Kc2 Rc8 36. Rxa6 b4 37. Be4 Rxc3+ 38. Kb1 $1 Rc8 39. Bd5 Be7 40. g6 Kf8 41. gxf7 Rb8 42. Ra7 Nxf7 43. f6 $1 {[%cal Rf6e7]} gxf6 44. Re1 Ne5 45. Rg1 {[%csl Gd5][%cal Rg1g8][%mdl 1024] [#] White has compensation.} Nf7 $1 46. Re1 Ne5 47. Rg1 {Accuracy: White = 53%, Black = 53%.} ({White should play} 47. Rh1 $14 f5 48. Rf1) 1/2-1/2

[Event "17th Aeroflot Open-A 2019"]
[Site "Moscow"]
[Date "2019.02.22"]
[Round "3.26"]
[White "Xu, Yinglun"]
[Black "Alekseenko, Kirill"]
[Result "1/2-1/2"]
[WhiteElo "2512"]
[BlackElo "2634"]
[Annotator "RC"]
[PlyCount "76"]
[EventDate "2019.02.19"]
[EventCountry "RUS"]
[SourceTitle "playchess.com"]
[Source "ChessBase"]
[SourceQuality "1"]
[TimeControl "40/5400+30:1800+30"]

1. d4 Nf6 {[%emt 0:01:28]} 2. c4 {[%emt 0:00:00]} g6 {[%emt 0:00:28]} 3. Nc3 {[%emt 0:00:34]} d5 {[%emt 0:00:06]} 4. Bg5 {[%emt 0:00:41]} Ne4 {[%emt 0:00:40]} 5. Bh4 {[%emt 0:00:42]} Nxc3 {[%emt 0:00:34]} 6. bxc3 {[%emt 0:00:07]} dxc4 {[%emt 0:00:25]} 7. e3 {[%emt 0:00:25]} Be6 {[%emt 0:00:24]} 8. Nf3 {[%emt 0:00:54]} Bg7 {[%emt 0:06:12]} 9. Rb1 {[%emt 0:02:12]} b6 {[%emt 0:04:30]} 10. Be2 {[%emt 0:01:05]} O-O {[%emt 0:04:01]} 11. Nd2 {[%emt 0:01:28]} Bd5 {[%emt 0:13:30]} 12. O-O {[%emt 0:05:58]} c5 {[%emt 0:02:00]} 13. dxc5 {[%emt 0:12:20]} Nd7 {[%emt 0:08:44]} 14. cxb6 {[%emt 0:09:28]} Nxb6 {[%emt 0:00:42]} 15. Qc2 {[%emt 0:06:21]} Qd6 {[%emt 0:00:08]} 16. Rb4 {[%emt 0:05:36]} Rac8 {[%emt 0:00:49]} 17. a4 {[%emt 0:02:58]} Ba8 {[%emt 0:03:19]} 18. e4 {[%emt 0:15:24]} Qe5 {[%emt 0:03:38]} 19. Rc1 {[%emt 0:08:29]} Rfd8 {[%emt 0:01:42]} 20. Nxc4 {[%emt 0:05:52]} Nxc4 {[%emt 0:02:09]} 21. Rxc4 {[%emt 0:00:06]} Rxc4 {[%emt 0:02:50]} 22. Bxc4 {[%emt 0:00:03]} Bxe4 {[%emt 0:01:08]} 23. Qe2 {[%emt 0:00:38]} Qf4 {[%emt 0:05:30]} 24. Re1 {[%emt 0:00:08]} Qxh4 {[%emt 0:00:13]} 25. g3 {[%emt 0:02:11]} Qg5 {[%emt 0:06:55]} 26. Qxe4 {[%emt 0:00:22]} e6 {[%emt 0:00:13]} 27. Re3 {[%emt 0:01:14]} Qa5 {[%emt 0:04:04]} 28. Rf3 {[%emt 0:02:18]} Rf8 {[%emt 0:05:22]} 29. Qc6 {[%emt 0:01:50]} Qb6 {[%emt 0:02:41]} 30. Qxb6 {[%emt 0:00:06]} axb6 {[%emt 0:00:27]} 31. Rd3 {[%emt 0:00:30]} g5 {[%emt 0:02:41]} 32. h3 {[%emt 0:01:53]} h5 {[%emt 0:02:06]} 33. Kg2 {[%emt 0:01:30]} Rc8 {[%emt 0:02:23]} 34. Ba6 {[%emt 0:00:04]} Rc7 {[%emt 0:00:28]} 35. Rd8+ {[%emt 0:01:00]} Bf8 {[%emt 0:00:38]} 36. Be2 {[%emt 0:00:47]} h4 {[%emt 0:01:02]} 37. gxh4 {[%emt 0:00:13]} gxh4 {[%emt 0:00:04]} 38. Rb8 {[%emt 0:01:46]} Rxc3 {[%emt 0:02:34]} 1/2-1/2

[Event "17th Aeroflot Open-A 2019"]
[Site "Moscow"]
[Date "2019.02.22"]
[Round "3.27"]
[White "Indjic, Aleksandar"]
[Black "Iniyan, P."]
[Result "1-0"]
[WhiteElo "2630"]
[BlackElo "2480"]
[Annotator "TA"]
[PlyCount "51"]
[EventDate "2019.02.19"]
[EventCountry "RUS"]
[SourceTitle "playchess.com"]
[Source "ChessBase"]
[SourceQuality "1"]

{[%evp 13,51,27,21,22,32,25,52,48,119,116,121,117,187,110,119,103,168,181,166,198,188,187,234,227,242,219,363,372,360,358,361,377,627,604,954,548,1241,1241,2573,2393]} 1. d4 Nf6 2. c4 g6 3. Nc3 Bg7 4. Nf3 d6 5. Bg5 O-O 6. e3 Nbd7 7. Be2 e5 8. h3 {E61: King's Indian: Early deviations for White, including Smyslov System} (8. Qc2 exd4 9. Nxd4 Nc5 10. Rd1 a5 11. O-O Re8 12. Bf3 Bd7 13. Bf4 Bg4 14. Bxg4 Nxg4 15. Ndb5 Ne5 16. b3 {½-½ (47) Zubov,A (2597)-Golubov,S (2482) St Petersburg 2018}) 8... h6 9. Bh4 g5 10. Bg3 {[%cal Rd4e5] White is slightly better.} Nh7 $146 (10... exd4 $14 11. exd4 (11. Nxd4 Nc5 $11) 11... Re8) ({Predecessor:} 10... Qe7 11. O-O c6 12. Rc1 Ne8 13. Re1 f5 14. b4 h5 15. c5 {0-1 (39) Shapiro,V (2249)-Fedoseev,S (2243) St Petersburg 2007}) 11. Qc2 $16 f5 12. O-O-O Qe7 {[#]} (12... e4 $16 {was called for.}) 13. Bh2 (13. c5 $1 $18 {[%mdl 512]}) 13... c6 14. g4 Nb6 (14... e4 $16 {keeps fighting.}) 15. c5 $1 $36 {[%mdl 2048] Keeping Black busy.} dxc5 16. Nxe5 cxd4 17. exd4 Qf6 18. Bd3 Be6 {[#]} 19. Ne4 $1 {[%mdl 512]} Qe7 (19... fxe4 {was necessary.} 20. Bxe4 Kh8) 20. Ng6 Qb4 21. Nxf8 Nxf8 22. gxf5 Bxa2 $2 (22... Bxf5 23. Nd6 Bxd3 24. Qxd3 c5) 23. f6 {White is clearly winning.} Ne6 24. fxg7 {Hoping for Nd6.} Nd5 25. Nc3 Bb3 26. Bh7+ {Accuracy: White = 83%, Black = 27%.} 1-0

[Event "17th Aeroflot Open-A 2019"]
[Site "Moscow"]
[Date "2019.02.22"]
[Round "3.28"]
[White "Kobalia, Mikhail"]
[Black "Dai, Changren"]
[Result "1-0"]
[WhiteElo "2627"]
[BlackElo "2473"]
[Annotator "TA"]
[PlyCount "101"]
[EventDate "2019.02.19"]
[EventCountry "RUS"]
[SourceTitle "playchess.com"]
[Source "ChessBase"]
[SourceQuality "1"]

{[%evp 11,101,20,27,15,30,0,5,-2,0,0,23,17,28,21,22,38,38,24,52,52,48,45,47,44,44,45,56,52,58,11,10,12,29,32,49,35,37,32,36,33,78,69,154,163,158,118,272,263,270,241,229,233,227,100,103,108,114,95,98,98,238,227,239,233,300,287,626,626,599,623,603,601,539,189,187,169,512,533,515,516,477,475,412,401,401,392,386,310,29980,29981,29982,29983]} 1. e4 c5 2. Nf3 Nc6 3. Bb5 g6 4. Bxc6 dxc6 5. d3 Bg7 6. O-O Nf6 7. Bd2 {B31: Sicilian: 2...Nc6 3 Bb5 g6} (7. Re1 Bg4 8. Nbd2 Nd7 9. h3 Bxf3 10. Nxf3 e5 11. Be3 O-O 12. a3 a5 13. Qd2 a4 14. b4 axb3 15. cxb3 {1-0 (67) Caruana,F (2828)-Cordova,E (2597) chess.com INT 2019}) 7... Nd7 $146 ({Predecessor:} 7... O-O 8. h3 c4 9. e5 Nd7 10. e6 Ne5 11. Nxe5 Bxe5 12. exf7+ Rxf7 13. Bc3 Bxc3 14. Nxc3 cxd3 15. cxd3 {0-1 (40) Godena,M (2490)-Grigore,G (2525) Genova 1999}) 8. Bc3 e5 9. Nbd2 {The position is equal.} f6 10. a3 Nf8 11. b4 Ne6 12. Nb3 b6 13. bxc5 bxc5 14. Na5 Qc7 15. Nd2 O-O 16. Ndc4 Rb8 17. Rb1 Ba6 18. Bd2 Rbe8 19. Re1 Nd4 20. Nb3 Bxc4 21. dxc4 Qf7 22. c3 Ne6 23. Be3 Rd8 24. Qc2 Qe7 25. Na5 Qc7 26. Qa4 Rd3 (26... Rf7 $14) 27. Rb7 $16 (27. Qxc6 Qxc6 28. Nxc6 Rxc3 $11) (27. Nxc6 Rd6 $17) 27... Qc8 28. Rxa7 f5 $2 (28... Rf7 $16 29. Rxf7 (29. Qxc6 Qxc6 30. Nxc6 Rxa7 $11) (29. Nxc6 Rxa7 30. Nxa7 Qa8 $14) 29... Kxf7) 29. Nxc6 $18 Kh8 30. exf5 gxf5 31. Ne7 Qd8 32. Nxf5 (32. Nd5 $18 {and White stays clearly on top.}) 32... Qf6 $16 {[#]} 33. g4 $1 {Threatens to win with Qc6.} Qg6 34. Ra8 Qxg4+ 35. Ng3 h5 (35... Rxc3 $16 {might work better.} 36. Rxf8+ Bxf8) 36. Rxf8+ $18 Bxf8 37. Qe8 h4 {[#]} 38. h3 $1 {[%cal Rh3g4][%mdl 64] Deflection} Qxh3 $2 (38... Qf3 39. Qxe6 hxg3 40. Qxe5+ {[%mdl 64] Double Attack} Kh7 41. Qxg3 Qxg3+ 42. fxg3 Rxc3) 39. Qh5+ {[%mdl 64] Double Attack} Kg8 {next ...Ng7 is good for Black.} 40. Qg6+ Kh8 41. Nf5 e4 42. Bh6 $2 (42. a4) 42... Rf3 43. Rxe4 $40 {[%mdl 192] White threatens Bxf8 and mate. Double Attack. White is out for blood.} Rxf5 $2 (43... Qxf5 {is more resistant.} 44. Qxf5 (44. Qxe6 Qxe6 45. Rxe6 Bxh6 $16) 44... Rxf5) 44. Rg4 {[%csl Gg4][%cal Rg6g8]} Ng5 45. Rxg5 Rxg5+ 46. Qxg5 Bxh6 47. Qxh6+ {KQ-KQ} Kg8 48. Qg5+ Kf7 49. Qf4+ Kg6 $2 (49... Kg7 $18 50. Qc7+ Kg6 51. Qd6+ (51. Qxc5 Qg4+ 52. Kf1 Qd1+ 53. Kg2 Qg4+ 54. Kh1 Qh3+ 55. Kg1 Qg4+ 56. Kh2 Qf4+ 57. Kh3 Qf3+ 58. Kh2 Qf4+ 59. Kh3 Qf3+ 60. Kh2 Qf4+ $11) 51... Kg7 52. Qxc5 Qxc3 53. Qe7+ Kg6 54. Qxh4 Kf5 55. Qh5+ Kf4 56. Qf7+ Kg5 57. Qd5+ Kf6) 50. f3 Kh5 51. a4 {Accuracy: White = 66%, Black = 33%.} 1-0

[Event "17th Aeroflot Open-A 2019"]
[Site "Moscow"]
[Date "2019.02.22"]
[Round "3.29"]
[White "Afanasiev, Nikita"]
[Black "Van Foreest, Jorden"]
[Result "1/2-1/2"]
[WhiteElo "2508"]
[BlackElo "2618"]
[Annotator "RC"]
[PlyCount "50"]
[EventDate "2019.02.19"]
[EventCountry "RUS"]
[SourceTitle "playchess.com"]
[Source "ChessBase"]
[SourceQuality "1"]
[TimeControl "40/5400+30:1800+30"]

1. d4 {[%emt 0:02:25]} d5 {[%emt 0:00:00]} 2. c4 {[%emt 0:00:15]} c6 {[%emt 0:00:06]} 3. cxd5 {[%emt 0:00:14]} cxd5 {[%emt 0:00:16]} 4. Bf4 {[%emt 0:00:08]} Nc6 {[%emt 0:01:12]} 5. Nc3 {[%emt 0:00:09]} Nf6 {[%emt 0:00:45]} 6. Nf3 {[%emt 0:00:21]} g6 {[%emt 0:05:18]} 7. e3 {[%emt 0:06:23]} Bg7 {[%emt 0:00:15]} 8. h3 {[%emt 0:15:24]} O-O {[%emt 0:02:53]} 9. Be2 {[%emt 0:04:29]} Ne4 {[%emt 0:00:34]} 10. Rc1 {[%emt 0:01:18]} Bf5 {[%emt 0:10:46]} 11. Qb3 {[%emt 0:03:59]} Nxc3 {[%emt 0:02:41]} 12. Rxc3 {[%emt 0:00:43]} Qd7 {[%emt 0:05:45]} 13. O-O {[%emt 0:06:15]} a6 {[%emt 0:11:01]} 14. Rfc1 {[%emt 0:05:51]} f6 {[%emt 0:02:47]} 15. Rc5 {[%emt 0:11:49]} Be6 {[%emt 0:00:26]} 16. Qb6 {[%emt 0:00:33]} Bf7 {[%emt 0:04:44]} 17. Bc7 {[%emt 0:01:45]} Rac8 {[%emt 0:03:35]} 18. Bg3 {[%emt 0:03:31]} Ra8 {[%emt 0:03:45]} 19. b4 {[%emt 0:02:35]} Rfc8 {[%emt 0:03:19]} 20. a4 {[%emt 0:00:51]} Bf8 {[%emt 0:00:42]} 21. b5 {[%emt 0:10:03]} axb5 {[%emt 0:00:09]} 22. Qxb5 {[%emt 0:00:15]} e6 {[%emt 0:03:44]} 23. R5c3 {[%emt 0:06:42]} Be8 {[%emt 0:02:24]} 24. a5 {[%emt 0:02:06]} Rd8 {[%emt 0:04:37]} 25. Qb6 {[%emt 0:02:05]} Bb4 {[%emt 0:02:46]} 1/2-1/2